1512 1651 1791 1053 1794 1959 1219 1619 1903 1135 1919 1228 1049 1476 1636 1104 1116 1462 1724 1728 1733 1357 1170 1706 1428 1310 1139 1365 1502 1765 1421 1285 1624 1445 1264 1866 1859 1950 1199 1102 1495 1974 1952 1824 1179 1591 1457 1138 1625 1429 1755 1886 1517 1644 1489 1343 1159 1619 1656 1565 1030 1436 1032 1569 1156 1545 1292 1526 1265 1526 1917 1739 1186 1186 1800 1677 1907 1318 1687 1596 1885 1755 1572 1986 1450 1592 1380 1442 1689 1409 1380 1319 1199 1227 1524 1729 1965 1584 1764 BCNSPRNW ULIB Ver.6.0+V

เปลี่ยนเป็นภาษาไทย

Change to English
 แสดงรายละเอียดบรรณานุกรม
  กลับหน้าหลัก

Brief Record : Get Marc (ISO 2709) : E-mail record : QR code < ปิดหน้าต่าง
LEADER : 00000nam 2200000uu 4500
001    13399110667
003     ULIB
008    110607s2542||||th 000 0 tha d
020    9746135678 (ล.1)
060 04 WU100^bส747อ 2542 ล.1
245 00 ทันตกรรมชุมชน หน่วยที่ 1-8=^bCommunity dentistry /^cสาขาวิทยาศาสตร์สุขภาพ มหาวิทยาลัยสุโขทัยธรรมาธิราช
246 31 Community dentistry
250    พิมพ์ครั้งที่ 2
260    นนทบุรี :^bสำนักพิมพ์ มสธ.,^c2542
300    2 เล่ม
500    เอกสารการสอนชุดวิชาทันตกรรมชุมชน
650  7 ทันตสาธารณสุข
650  7 ทันตกรรม
710 2  มหาวิทยาลัยสุโขทัยธรรมาธิราช. ^bสาขาวิชาวิทยาศาสตร์สุขภาพ
740 02 เอกสารการสอนชุดวิชาทันตกรรมชุมชน
945    ^p0^l0^i022724
945    ^p0^l0^i022722
945    ^p0^l0^i022723
995    เกษร
999 ^a ใช้งานได้ทุกระบบ
รายการนี้ยังไม่มีแท็ก
คุณยังไม่ได้ล็อกอิน คุณสามารถมีกิจกรรมร่วมกับเว็บไซต์ได้ แต่ต้องล็อกอินก่อน ::
  ล็อกอิน

รายการสื่อสารสนเทศ

ลำดับที่ ประเภท เลขเรียก/บาร์โค้ด สถานที่ สถานะ
- ไม่พบข้อมูล -

รายการใกล้เคียง
    หัวเรื่อง [ทันตสาธารณสุข]
    หัวเรื่อง [ทันตกรรม]

BibComment


ยังไม่เคยถูกคอมเมนท์

คอมเมนท์ทรัพยากรรายการนี้
  คอมเมนท์: ทันตกรรมชุมชน หน่..


 Copyright 2026. Bcnsprnw @Library